000
00343nam a2200145Ia 4500
008
230718s9999 xx 000 0 und d
041
_a
Eng.
082
_a
345.4
_b
KHO-C
100
_a
kHOkkar Muhammad
245
0
_a
Civil Law Digest
260
_a
Pakistan
_b
Sup court montury decision
_c
2011
300
_a
2014
650
_a
Law
999
_c
30511
_d
30511